Tangaza University Library

BARCLAY, JOHN M. G.: (Record no. 205066)

MARC details
000 -LEADER
fixed length control field 00434nam a22001577a 4500
003 - CONTROL NUMBER IDENTIFIER
control field OSt
005 - DATE AND TIME OF LATEST TRANSACTION
control field 20251104085817.0
008 - FIXED-LENGTH DATA ELEMENTS--GENERAL INFORMATION
fixed length control field 251104b |||||||| |||| 00| 0 eng d
022 ## - INTERNATIONAL STANDARD SERIAL NUMBER
International Standard Serial Number 0040-5639
100 ## - MAIN ENTRY--PERSONAL NAME
Personal name Stephen A. Long
245 ## - TITLE STATEMENT
Title BARCLAY, JOHN M. G.:
Remainder of title Pauline Churches and Diaspora Jews
260 ## - PUBLICATION, DISTRIBUTION, ETC. (IMPRINT)
Place of publication, distribution, etc USA,
Name of publisher, distributor, etc Sage Publications;
Date of publication, distribution, etc 2018
300 ## - PHYSICAL DESCRIPTION
Extent P.433-434
440 ## - SERIES STATEMENT/ADDED ENTRY--TITLE
Title Theological Studies
Number of part/section of a work No.2
Volume number/sequential designation Vol.79
942 ## - ADDED ENTRY ELEMENTS (KOHA)
Source of classification or shelving scheme Library of Congress Classification
Koha item type Journal Article

No items available.


© Tangaza University Library, Langata South Road P.O Box 15055 00509 Nairobi Kenya
Tel: 0722 204 724 Fax: +254 20 8890018